Responses for Show #7951 - Monday, March 18, 2019

Lindsey Shultz game 3.

Contestants

[<< previous game]

Brian Heavey, an assistant IT manager from Middleborough, Massachusetts

Lauren Owen, a director of analytics from Littleton, Colorado

Lindsey Shultz, a physician and healthcare analyst from Pittsburgh, Pennsylvania (whose 2-day cash winnings total $55,201)

[next game >>]

Jeopardy! Round responses

INSIDE, THE "OC"
BUSINESS & INDUSTRY
COLORFUL LIT
FIVE GUYS
MISSOURI HISTORY
TV SERIES FINALES
    $200 13
a pocket door

Lauren
    $200 22
Weight Watchers

Brian
    $200 1
purple

Lindsey
    $200 3
Ralph Lauren

Lindsey
    $200 27
steam

Lindsey
    $200 10
That '70s Show

Brian
    $400 14
a flock

Lauren
    $400 23
(Lauren: What are Pop-Tarts?)

Eggo

LaurenBrian
    $400 2
green

Lauren
    $400 7
Kennedy

Brian
    $400 20
the Missouri Compromise

Brian
    $400 4
M*A*S*H

Lindsey
    $600 15
a doctor

Brian
    $600 24
(Lauren: What is Jansport?)

Speedo

Lauren
Triple Stumper
    $600 17
red

Brian
    $600 8
Adam Rippon

Lindsey
    $600 30
Anheuser and Busch

Lauren
    $600 5
Lost

Lindsey
    $800 16
(Lindsey: Hyp--what is--what is [*]?)

a hypocrite

Lindsey
    $800 25
Gerber

Brian
    $800 19
black

Lauren
    $1,400 11
(Stephen) Hawking

Brian
    $800 29
the World Fair (or World's Fair)

Lauren
    $800 6
Dexter

Brian
    $1000 18
the reciprocal

Lindsey
    $1000 26
Aveeno

Brian
    $1000 21
lilac

Triple Stumper
    $1000 12
(Thomas) Kinkade

Brian
    $1000 28
the interstate system

Lindsey
    $1000 9
How I Met Your Mother

Lindsey

Scores at the first commercial break (after clue 15):

Lindsey Lauren Brian
$3,000 $1,000 $4,400

Scores at the end of the Jeopardy! Round:

Lindsey Lauren Brian
$6,000 $2,200 $7,800

Double Jeopardy! Round responses

TRIDENT TRUE
THE CELEBRITY AUTHOR
ARCHAEOLOGY
15-LETTER WORDS
CLASSICAL MUSIC PRODIGIES
COUNTRY SHORTCUTS
(Alex: We want you to name the country directly between the two countries that we will give you as part of the clue.)
    $400 10
Poseidon

Lindsey
    $400 7
Tyra Banks

Lindsey
    $400 1
satellites

Lindsey
    $400 14
procrastination

Lauren
    $400 21
operas

Lindsey
    $400 2
South Africa

Lindsey
    $800 11
(Lauren: Who is Vishnu?)

Shiva

LindseyLauren
    $800 8
Anna Kendrick

Lindsey
    $800 12
a villa

Lindsey
    $800 15
unsportsmanlike

Brian
    $800 22
the Albert Hall

Lauren
    $3,000 3
Jordan

Lindsey
    $1200 29
(Lindsey: What is Arizona?)

Arizona State

LindseyBrian
    $1200 9
Bob Dylan

Brian
    $1200 19
(Brian: What is Britain?)
(Lauren: What is Poland?)

Russia

LaurenBrian
Triple Stumper
    $1200 16
maneuverability

Brian
    $2,000 26
Yo-Yo Ma

Lindsey
    $1200 4
Bulgaria

Lindsey
    $1600 13
the Navy SEALs

Brian
    $1600 24
(Lauren: I forget.)

Mycroft Holmes

LaurenBrian
    $1600 20
Deadwood

Lindsey
    $1600 17
nongovernmental

Brian
    $1600 27
Fellini

Lindsey
    $1600 5
(Lindsey: What is Ethiopia?)
(Brian: What is Nigeria?)

Kenya

LindseyBrian
Triple Stumper
    $2000 30
Great Britain

Lindsey
    $2000 25
Sean Penn

Lindsey
    $2000 23
Baal

Triple Stumper
    $2000 18
(Brian: What is perspicacity?)

inquisitiveness

Brian
Triple Stumper
    $2000 28
Camille Saint-Saens

Triple Stumper
    $2000 6
Malaysia

Triple Stumper

Scores at the end of the Double Jeopardy! Round:

Lindsey Lauren Brian
$21,000 -$200 $12,200

[wagering suggestions for these scores]

Final Jeopardy! Round responses

BEST PICTURE OSCAR WINNERS
BrianWhat is water?
$12,139
LindseyWhat are moonlight + spotlight? Hi mom!
$3,401
Moonlight & Spotlight

Final scores:

Lindsey Lauren Brian
$24,401 -$200 $61
3-day champion: $79,602 3rd place: $1,000 2nd place: $2,000

Game dynamics:

Coryat scores:

Lindsey Lauren Brian
$18,000 -$200 $11,600
25 R
(including 2 DDs),
2 W
8 R,
5 W
19 R
(including 1 DD),
3 W

Combined Coryat: $29,400

[game clues] [game scores] [suggest correction]

Game tape date: 2019-01-30
The J! Archive is created by fans, for fans. Scraping, republication, monetization, and malicious use prohibited; this site may use cookies and collect identifying information. See terms. The Jeopardy! game show and all elements thereof, including but not limited to copyright and trademark thereto, are the property of Jeopardy Productions, Inc. and are protected under law. This website is not affiliated with, sponsored by, or operated by Jeopardy Productions, Inc. Join the discussion at JBoard.tv.